00583nam a2200169Ia 4500008004100000041000800041082001700049100001600066245003700082260003100119300000800150365001600158700001600174906003400190999001900224952017000243230718s9999 xx 000 0 und d aeng a641.645bCAN aCanfield J. aChicken Soup For The Golden Soul c2000bHealth Communication a360 cRs.b195.00 aCanfield J. dB:567206-Jun-2000cOTHb29.25 c300731d300731 00104070aCCEPbCCEPd2000-10-20eTechnical Book ServicesfOTHg165.75i5672l0o641.645pCCEP-BK-11937r2023-07-18 00:00:00t29.25v195.00w2000-06-06yBKz011937